000 00777nam a22002657a 4500
003 PE SENCICO BE
005 20251020182634.0
008 230405b |||||||| |||| 00| 0 eng d
020 _a84-329-2618-3
040 _aPE SENCICO BE
_cPE SENCICO BE
041 _aspa
082 _a720.222
_bG7
110 1 _9872
_aGrupo Ceac
245 1 _aInterpretación de planos /
_cGrupo Ceac
250 _a[1a ed.]
260 _aBarcelona :
_bEdiciones Ceac,
_csin año
300 _a311 p. :
_bil., diagrs.,
_c27 cm.
440 _9875
_aNueva enciclopedia del encargado de obras
650 1 4 _9615
_aPlanos
650 2 4 _9873
_aLectura de planos
650 2 4 _9874
_aProyecciones e isometrías
650 2 4 _9428
_aDibujo arquitectónico
910 _bhfp
_chfp
942 _2ddc
_cLIB
999 _c4093
_d4093